000 00648cam a2200157 4500500
005 20260201103416.0
041 _afre
042 _adc
100 1 0 _aTerrel-Salmon, Françoise
_eauthor
245 0 0 _aMarc Loriol, Je stresse, donc je suis, Mango, coll. Mots et cie, 2006, 120 p. 9 ?
260 _c2006.
500 _a46
520 _aResumé Alors que le travail manque cruellement à beaucoup, il ne donne plus la satisfaction attendue à tous ceux qui en ont !
786 0 _nRevue Projet | 291 | 2 | 2006-02-01 | p. 091e-094e | 0033-0884
856 4 1 _uhttps://shs.cairn.info/revue-projet-2006-2-page-091e?lang=fr&redirect-ssocas=7080
999 _c1641124
_d1641124